The wisdom of science : its relevance to culture and religion (Record no. 7379)

000 -LEADER
fixed length control field 00556 a2200181 4500
020 ## - INTERNATIONAL STANDARD BOOK NUMBER
International Standard Book Number 0-521-30726-0
020 ## - INTERNATIONAL STANDARD BOOK NUMBER
International Standard Book Number 0-521-31448-8
040 ## - CATALOGING SOURCE
Original cataloging agency DLC
Language of cataloging DLC
082 ## - DEWEY DECIMAL CLASSIFICATION NUMBER
Classification number 509
100 1# - MAIN ENTRY--PERSONAL NAME
Personal name Brown, Robert Hanbury
245 04 - TITLE STATEMENT
Title The wisdom of science : its relevance to culture and religion
Remainder of title its relevance to culture and religion
Statement of responsibility, etc. Hanbury Brown
260 ## - PUBLICATION, DISTRIBUTION, ETC.
Place of publication, distribution, etc. Cambridge :
Name of publisher, distributor, etc. Cambridge University Press,
Date of publication, distribution, etc. 1986
300 ## - PHYSICAL DESCRIPTION
Extent viii, 194 s. :
Other physical details ill.
650 #7 - SUBJECT ADDED ENTRY--TOPICAL TERM
Topical term or geographic name entry element Science
General subdivision History
650 #7 - SUBJECT ADDED ENTRY--TOPICAL TERM
Topical term or geographic name entry element science
650 #7 - SUBJECT ADDED ENTRY--TOPICAL TERM
Topical term or geographic name entry element Philosophy of science
942 ## - ADDED ENTRY ELEMENTS (KOHA)
Koha item type Book
Call number prefix 509 BRO
Source of classification or shelving scheme
Holdings
Withdrawn status Lost status Damaged status Not for loan Collection code Permanent Location Current Location Shelving location Date acquired Source of acquisition Cost, normal purchase price Total Checkouts Full call number Barcode Date last seen Price effective from Koha item type Total Renewals Checked out Date last checked out
          Central Library (CL) Central Library (CL) General Stacks 10/16/2006 Progressive International Agencies 1936.06   509 BRO SEECS007639 02/28/2024 01/05/2017 Book      
          Central Library (CL) Central Library (CL) General Stacks 10/16/2006 Progressive International Agencies 1936.06   509 BRO SEECS007638 11/14/2012 01/05/2017 Book      
          Central Library (CL) Central Library (CL) General Stacks 10/16/2006 Progressive International Agencies 1936.06 2 509 BRO SEECS007640 02/26/2021 01/05/2017 Book 2 08/26/2021 02/26/2021
© 2023 Central Library, National University of Sciences and Technology. All Rights Reserved.